00773nam a22002297a 450000500170000001000130001702000110003003500130004103700160005404000120007008200130008210000210009524500680011626000450018427000480022930000320027765000330030965000360034294200220037899900190040095201240041920170124110233.0 aB-041830 c210.00 aB-041830 bCen Lib/Ret aDPLbEN a000bRGU aR. Gupta 941716 aReserve bank officers cby R. Gupta bofficers exam (grade B) / aNew DelhibRamesh publishing housec2002 bNew Delhia12-H, New Daryaganj roade110002 avarious pagings c23cm(pbk) aEntrance exminations 941717 aBanking xExaminations 941718 2ddccENh000mRGU c134764d134764 00104070aLbLd2015-07-31eCen Lib/Retg210.00l0o000 RGUpB-041830r2015-07-31 00:00:00t1v210.00w2015-07-31yEN